Statistics for library decision making : a handbook

Αποθηκεύτηκε σε:
Λεπτομέρειες βιβλιογραφικής εγγραφής
Κύριος συγγραφέας: Hernon, Peter
Μορφή: Βιβλίο
Γλώσσα:English
Δημοσίευση: New Jersey : Ablex Publishing Corporation, c1989
Σειρά:Information management, policy, and services series
Θέματα:
Ετικέτες: Προσθήκη ετικέτας
Δεν υπάρχουν, Καταχωρήστε ετικέτα πρώτοι!

MARC

LEADER 00000nam a2200000 i 4500
001 1/89353
008 990913s1989 eng d
020 |a 0-89391-586-6 
035 |l 10052769 
040 |a GR-MY-UA  |b gre  |e aacr 
041 0 |a eng 
082 0 |a 025.1021 
100 1 |a Hernon, Peter. 
245 1 0 |a Statistics for library decision making :  |b a handbook /  |c Peter Hernon ... et. al. 
260 |a New Jersey :   |b Ablex Publishing Corporation,   |c c1989 
300 |a 200 p.  |b tabl.; fig. 
490 1 |a Information management, policy, and services series 
504 |a Includes bibliographical references and index 
650 0 0 |a Library administration  |x Decision making  |x Statistical methods. 
650 0 0 |a Library statistics. 
852 |a INST  |b LESVOS  |e 19990913  |h 025.1021 HER  |p 005100019555  |q 005100019555  |t BK  |y 0 
901 |a BIBL1-1999-3 
909 |a Λ  |b 066046 
922 |a 1ΕΛΗ  |b 199906  |c ΚΠΣ/ΚΥΒ  |d LEADER 
950 |a 023-1998-09-14 
970 |z 1999/09/13  |a ΜΟΥΣΤΑΚΑ  |b ΠΗΝΕΛΟΠΗ